00423nam a2200169Ia 4500003000400000005001700004008004100021020001500062050002600077100002600103245004800129260003200177300002100209440000600230521000800236526000900244OSt20140321094726.0140130s9999 xx 000 0 und d a0717130460 aBF 723.S3b.Od26 2000 aO Donnchadha, Reamonn cReamonn O DonnchadhaaThe confident child / bScholastic,c2000.aIndia : a176 p. :c23 cm. v1 aG12 c1340